MARC

LEADER 00000nam0a2200000 4500
001 349541
005 20231102010219.0
035 |a (RuTPU)RU\TPU\retro\2121 
090 |a 349541 
100 |a 20180621d1958 m y0rusy50 ca 
101 1 |a rus  |c eng 
102 |a RU 
105 |a a z 000zy 
200 1 |a Автоматические коробки передач  |e пер. с англ.  |f пер. С. А. Лаптева и О. Л. Левенстерн 
210 |a Москва  |c Машгиз  |d 1958 
215 |a 368 с.  |c ил. 
606 1 |a Коробки передач,автомобильные,автоматические  |2 stltpush  |3 (RuTPU)RU\TPU\subj\15708  |9 41922 
610 1 |a практические руководства 
610 1 |a планетарные системы 
610 1 |a гидравлика 
610 1 |a закон Паскаля 
610 1 |a жидкость 
610 1 |a движение 
610 1 |a гидромуфты 
610 1 |a гидротрансформаторы 
610 1 |a конструкции 
610 1 |a работа 
610 1 |a неисправности 
610 1 |a регулировка 
610 1 |a испытания 
675 |a 629.113-58  |v 4 
702 1 |a Лаптев  |b С. А.  |4 730 
702 1 |a Левенстерн  |b О. Л.  |4 730 
801 1 |a RU  |b 63413507  |c 20180621 
942 |c BK